| 000 | 02814nam a2200289 4500 | ||
|---|---|---|---|
| 003 | NALT | ||
| 005 | 20260203143316.0 | ||
| 008 | 260127b th ||||| |||| 00| 0 tha d | ||
| 020 | _a9786169505402 | ||
| 040 | _aNALT | ||
| 050 |
_aRA 777.6 _bช212 2568 |
||
| 245 | 1 | 0 |
_aชรานคร : _bเมื่อเมืองสูงวัย ประเทศไทยพร้อมแค่ไหนกับการรับมือ / _cศูนย์ออกแบบและพัฒนาเมือง จุฬาลงกรณ์มหาวิทยาลัย. |
| 250 | _aพิมพ์ครั้งที่ 1. | ||
| 260 |
_aนนทบุรี : _bสยามจุลละมณฑล, _c2568. |
||
| 300 |
_a206 หน้า : _bภาพประกอบ, แผนภูมิ, แผนที่ ; _c21 ซม. |
||
| 505 | 2 | _aบทที่ 1 สูงวัยในเมือง -- บทที่ 2 ประวัติศาสตร์ความสูงวัย : ที่มา ความเข้าใจ และการตอบรับสังคมสูงวัย -- บทที่ 3 สุขภาพดีเริ่มต้นจากการออกแบบระบบเมือง -- บทที่ 4 ประเทศไทยกับการเปลี่ยนแปลงโครงสร้างประชากรและผลกระทบ -- บทที่ 5 ภูมิทัศน์ความเปราะบางของผู้สูงวัยไทย -- บทที่ 6 อ่านเมืองผ่านดัชนีเมืองสุขภาวะรองรับสังคมสูงวัย -- บทที่ 7 สำรวจความท้าทายและศักยภาพในการรับมือกับสังคมสูงวัย -- บทที่ 8 ข้อเสนอเชิงนโยบาย -- บทที่ 9 บทส่งท้าย : มองเมืองสูงวัยไปข้างหน้า. | |
| 650 | 4 |
_aผู้สูงอายุ _xแง่สังคม _967351 |
|
| 700 | 0 |
_aนิรมล เสรีสกุล. _967349 |
|
| 700 | 0 |
_aณัฐชานันท์ กล้าหาญ. _967350 |
|
| 710 | 2 |
_aจุฬาลงกรณ์มหาวิทยาลัย _bศูนย์ออกแบบและพัฒนาเมือง. _967333 |
|
| 942 |
_2lcc _cGB |
||
| 996 |
_ajidapa.t _bACQSTF _c2026-01-27 |
||
| 996 |
_avaree.k _bLIBSTF _c2026-01-28 |
||
| 996 |
_ajamriang.p _bCATSTF _c2026-01-29 |
||
| 999 |
_c107716 _d107716 |
||
| 998 |
_j111 _k นางสาวพจพิณ พรมเอี่ยม |
||